LEADER 01490nam a2200337 u 4500 001 000000066006 003 CaOOAMICUS 005 20070226121528.0 008 011219s1995 fr u000 u fre u 020 $a2204050741 035 $a10914788 040 $aPUL$bita 041 1 $afre$heng 100 1 $aJeanrond, Werner G.$0(OLS)http://pul/name/31253 245 10$aIntroduction à l'herméneutique théologique /$cWerner G. Jeanrond ; préface par Claude Geffré ; traduit de l'anglais par Pierre-Loup Lesaffre. 260 $aParis :$bCerf,$c1995. 300 $aiv, 270 p. ;$c25 cm 490 1 $aCogitatio fidei ;$v185 504 $aBibliografia in nota. 650 4$aErmeneutica.$0(OLS)http://pul/subject/438 700 1 $aGeffré, Claude.$0(OLS)http://pul/name/26788 700 1 $aLesaffre, Pierre-Loup.$0(OLS)http://pul/name/44307 830 0$aCogitatio fidei ;$v185.$0(OLS)http://pul/title/876 850 $aPUL 852 $aPUL$W1$xSL Religione 2$y84$mTheol A13 185$j85369$nBK-PRI$b $qStampati altre collocazioni$B85369$CPULBib$Z2$F85369 $H $81 852 $aPUL$W1$xDP1 Fondo Bordoni$y120$m3 E 90.185$j173051$qFondi$B175068$CPULBib$Z2$F175068 $HBor973 $81 941 1 $a1 941 1 $a10 996 $6020$a2204050741$9(OLS)http://pul/number/85606 996 $6245$aIntroduction à l'herméneutique théologique$9(OLS)http://pul/title/87699 996 $6260$aParis :$bCerf$9(OLS)http://pul/publisher/48238 LEADER 01352nam a2200325 u 4500 001 000000079277 003 CaOOAMICUS 005 20070226123524.0 008 040528s1990 it ad u000 u ita u 020 $a8870308286 035 $a10997222 040 $aPUL$bita 041 0 $aita$hfre 100 1 $aMaritain, Jacques,$d1882-1973.$0(OLS)http://pul/name/868 240 10$aEléments de philosophie. II: L'ordre des concepts.$lItaliano.$0(OLS)http://pul/title/103798 245 10$aElementi di filosofia /$cJacques Maritain ; introduzione di Juan José Sanguineti. 260 $aMilano :$bMassimo,$cc1990. 300 $av. < 2> :$bill., diagr. ;$c24 cm 500 $aIndici in appendice. 504 $aBibliografia in nota. 505 2 $aV. II : Logica minore. 650 4$aFilosofia.$0(OLS)http://pul/subject/362 650 4$aLogica formale$xStudio e insegnamento.$0(OLS)http://pul/subject/23791 700 1 $aSanguineti, Juan José.$0(OLS)http://pul/name/38659 850 $aPUL 852 $aPUL$W1$xSL Filosofia 1$y2$m97 G 56.2$j101480$nBK-PRI$b $qStampati$B101480$CPULBib$Z2$F101480 $HPUL95204 $81 941 1 $a8 996 $6020$a8870308286$9(OLS)http://pul/number/104139 996 $6245$aElementi di filosofia$9(OLS)http://pul/title/11597 996 $6260$aMilano :$bMassimo$9(OLS)http://pul/publisher/48143